Tropical forest utilization system : wood for fuel in a tropical forest utilization system

Bibliographic Details
Main Author: BETHEL
Format: Book
Published: Seattle, Washington : Institute of Forest Products , 1977
Series:Forest resources research reports; no. 29
Subjects:

MARC

LEADER 00000cam a2200000 7i4500
001 0000001773
005 20011119.0
090 0 0 |a 333.17498   |b BET 1977 
100 1 0 |a BETHEL   |h J. S. 
245 1 0 |a Tropical forest utilization system :   |b wood for fuel in a tropical forest utilization system   |c J. S. Bethel 
260 0 0 |a Seattle, Washington :   |b Institute of Forest Products ,   |c 1977 
300 |a 14 p. ;   |c 28 cm. 
440 0 0 |a Forest resources research reports; no. 29 
650 0 0 |a Forest products industry 
650 0 0 |a Forests and forestry 
998 |a JPSM 
999 |a 0000002758   |b Monograph   |c Open Shelf   |e Default branch